00570nam a22001817a 450000500170000001000150001702000230003203500130005503700130006808200080008110000200008924501030010926000490021227000550026130000340031665000160035070000220036620100820135716.0 aENG-101043 a8120914619c300.00 aEN-84576 bDBAD/PUB a510 aMukherjee, R.N. aA complete course in I.S.C. mathematics :bfor class XI /cby R.N. Mukherjee [and] Elias A.Rozario aNew DelhibPitambar Publishing Companyc2009 a888, East Park Road, Karol BaghbNew Delhie110005 av.1 (viii, 288p.)c28cm (pbk) aMathematics aRozario, Elias A.